000 00389nam a22001337a 4500
003 NUST
082 _a891.439,WAS
100 _aAli Wasif, Wasif
_9129836
245 _aQatra qatra qulzam (قطرہ قطرہ قلزم) /
_cWasif Ali Wasif
260 _aLahore :
_bKashif Publications,
_c 1999
300 _a208 p. : 22 cm
650 _aUrdu Literature -- General
_9129837
942 _2ddc
_cBK
999 _c614365
_d614365